000 00300nam a2200145Ia 4500
100 _aZade/Mohankumar
942 _cBK
654 _aProgramming
245 _aComputer Programming 1
260 _bNirali prakashan
_c1998
082 _a5.1
_bZAD
300 _a275
546 _aENGLISH
999 _c29950
_d29950